LEADER 01281nam1 2200421 450 001 990005940930203316 005 20140401104747.0 010 $a978-88-13-30898-8 035 $a000594093 035 $aUSA01000594093 035 $a(ALEPH)000594093USA01 035 $a000594093 100 $a20140401d2014----km-y0itay50------ba 101 $aita 102 $aIT 105 $a||||||||001yy 200 1 $aDiritto industriale italiano$fMassimo Scuffi, Mario Franzosi 210 $aPadova$cCedam$d2014 215 $a2 tomi$d24 cm 410 0$12001 454 1$12001 461 1$1001-------$12001 463 \1$1001990005941000203316$12001 $a<> Diritto sostanziale 463 \1$1001990005941010203316$12001 $a<> Diritto procedimentale e processuale 606 0 $aDiritto industriale$xItalia$2BNCF 676 $a346.45048 700 1$aSCUFFI,$bMassimo$0262430 701 1$aFRANZOSI,$bMario$0227437 801 0$aIT$bsalbc$gISBD 912 $a990005940930203316 951 $add$bG.$ccc 959 $aBK 969 $aGIU 979 $aFIORELLA$b90$c20140401$lUSA01$h0951 979 $aFIORELLA$b90$c20140401$lUSA01$h1045 979 $aFIORELLA$b90$c20140401$lUSA01$h1047 996 $aDiritto industriale italiano$91072676 997 $aUNISA LEADER 00986nam0-22003131i-450 001 990004137680403321 005 20180206100207.0 010 $a88-464-0725-3 035 $a000413768 035 $aFED01000413768 035 $a(Aleph)000413768FED01 100 $a19990604d1998----km-y0itay50------ba 101 0 $aita 105 $ay-------00-y- 200 1 $a<>prezzo dell'eguaglianza$eil dibattito sull'emancipazione degli ebrei in Italia$e1781-1848$fGadi Luzzatto Voghera 210 $aMilano$cAngeli$dc1998 215 $a207 p.$d22 cm 225 1 $aStudi e ricerche storiche$v226 610 0 $aEbrei italiani$aDiritti politici e civili$a1781-1848 676 $a323.11 700 1$aLuzzatto Voghera,$bGadi$0160827 801 0$aIT$bUNINA$gRICA$2UNIMARC 901 $aBK 912 $a990004137680403321 952 $a323.11 LUZ 1$bBibl.28250$fFLFBC 952 $a300/3 0124$bBibl 28250$fFLFBC 959 $aFLFBC 996 $aPrezzo dell'eguaglianza$9476839 997 $aUNINA